000 00627nam a22002057a 4500
003 BD-DhJNU
005 20250708054623.0
008 250708b |||||||| |||| 00| 0 eng d
020 _a9781138793606
020 _a9781315761046
040 _aBD-DhJNU
_bENG
_cBD-DhJNU
_dBD-DhJNU
082 _223
_a791.430954 GET
100 _aGehlawat, Ajay
245 _aTwenty-first century Bollywood /
_cAjay Gehlawat
260 _aLondon :
_bRoutledge Taylor & Francis Group,
_c2016.
300 _axiv, 156p. :
_bill. ;
_c26 cm.
504 _aIncludes bibliographies and index
650 _aMotion pictures
_xIndia
942 _2ddc
_cBK
_n0
999 _c1871
_d1871